Rekindling the flame: American Jewish chaplains and the survivors of European Jewry; 1944 - 1948
| Main Author: | |
|---|---|
| Format: | Print Book |
| Language: | English |
| Subito Delivery Service: | Order now. |
| Check availability: | HBZ Gateway |
| WorldCat: | WorldCat |
| Interlibrary Loan: | Interlibrary Loan for the Fachinformationsdienste (Specialized Information Services in Germany) |
| Published: |
Detroit, Mich.
Wayne State Univ. Press
1993
|
| In: | Year: 1993 |
| Reviews: | Book Reviews (1994) (Littell, Franklin Hamlin, 1917 - 2009)
|
| Standardized Subjects / Keyword chains: | B
Jews
/ Refugee camp
/ Feldrabbiner
/ USA
/ History 1944-1948
|
| Further subjects: | B
Holocaust survivors
B World War, 1939-1945 Chaplains United States B Rabbis United States |
MARC
| LEADER | 00000cam a2200000 c 4500 | ||
|---|---|---|---|
| 001 | 277698588 | ||
| 003 | DE-627 | ||
| 005 | 20251222213432.0 | ||
| 007 | tu | ||
| 008 | 930304s1993 xxu||||| 00| ||eng c | ||
| 010 | |a 92028678 | ||
| 020 | |a 0814324134 |9 0-8143-2413-4 | ||
| 035 | |a (DE-627)277698588 | ||
| 035 | |a (DE-576)032159242 | ||
| 035 | |a (DE-599)GBV277698588 | ||
| 035 | |a (OCoLC)243764468 | ||
| 035 | |a (OCoLC)26354222 | ||
| 035 | |a (OCoLC)26354222 | ||
| 040 | |a DE-627 |b ger |c DE-627 |e rakwb | ||
| 041 | |a eng | ||
| 044 | |c XD-US | ||
| 050 | 0 | |a D810.C36 | |
| 082 | 0 | |a 940.54/78 | |
| 082 | 0 | |a 940.5478 | |
| 084 | |a 1 |2 ssgn | ||
| 084 | |a 7,26 |2 ssgn | ||
| 084 | |a 15.96 |2 bkl | ||
| 084 | |a 15.87 |2 bkl | ||
| 100 | 1 | |a Grobman, Alex |4 aut | |
| 245 | 1 | 0 | |a Rekindling the flame |b American Jewish chaplains and the survivors of European Jewry; 1944 - 1948 |c Alex Grobman |
| 264 | 1 | |a Detroit, Mich. |b Wayne State Univ. Press |c 1993 | |
| 300 | |a XII, 259 S. |b Ill. | ||
| 336 | |a Text |b txt |2 rdacontent | ||
| 337 | |a ohne Hilfsmittel zu benutzen |b n |2 rdamedia | ||
| 338 | |a Band |b nc |2 rdacarrier | ||
| 500 | |a Published in cooperation with the Judah L. Magnes Museum, Berkeley | ||
| 500 | |a Includes bibliographical references (p. 232-247) and index | ||
| 583 | 1 | |a Archivierung prüfen |c 20200919 |f DE-640 |z 2 |2 pdager | |
| 583 | 1 | |a Archivierung prüfen |c 20240324 |f DE-4165 |z 1 |2 pdager | |
| 650 | 0 | |a World War, 1939-1945 |x Chaplains |x United States | |
| 650 | 0 | |a Rabbis |x United States | |
| 650 | 0 | |a Holocaust survivors | |
| 689 | 0 | 0 | |d s |0 (DE-588)4028808-0 |0 (DE-627)10430670X |0 (DE-576)208979565 |2 gnd |a Juden |
| 689 | 0 | 1 | |d s |0 (DE-588)4140485-3 |0 (DE-627)105627496 |0 (DE-576)209703199 |2 gnd |a DP-Lager |
| 689 | 0 | 2 | |d s |0 (DE-588)4330844-2 |0 (DE-627)70036305X |0 (DE-576)211316229 |2 gnd |a Feldrabbiner |
| 689 | 0 | 3 | |d g |0 (DE-588)4078704-7 |0 (DE-627)106076612 |0 (DE-576)209209682 |2 gnd |a USA |
| 689 | 0 | 4 | |q z |2 gnd |a Geschichte 1944-1948 |
| 689 | 0 | |5 DE-101 | |
| 787 | 0 | 8 | |i Rezensiert in |a Littell, Franklin Hamlin, 1917 - 2009 |t Book Reviews |d 1994 |w (DE-627)1814470573 |
| 889 | |w (DE-627)110532503 | ||
| 935 | |i mdedup | ||
| 936 | b | k | |a 15.96 |j Geschichte des jüdischen Volkes außerhalb des Staates Israel |0 (DE-627)106404660 |
| 936 | b | k | |a 15.87 |j USA |x Geschichte |0 (DE-627)181569760 |
| 951 | |a BO | ||
| ELC | |b 1 | ||
| ORI | |a SA-MARC-ixtheo_oa001.raw | ||
| REL | |a 1 | ||
| STA | 0 | 0 | |a Jews,Jews,Jew,Jews in literature,Refugee camp,USA,USA,Middle West,USA,USA,USA,USA,USA,America,Confederate States of America,Midwest |
| STB | 0 | 0 | |a Camp de personnes déplacées,Juifs,Juifs |
| STC | 0 | 0 | |a Campo de refugiados internos,Judíos,Judíos,Judíos |
| STD | 0 | 0 | |a Campo per displaced persons,Ebrei,Ebrei |
| STE | 0 | 0 | |a 犹太人,犹太人 |
| STF | 0 | 0 | |a 猶太人,猶太人 |
| STG | 0 | 0 | |a Campo de refugiados internos,Judeus,Judeus |
| STH | 0 | 0 | |a Евреи (мотив),Евреи,Лагерь для перемещённых лиц |
| STI | 0 | 0 | |a Εβραίοι (μοτίβο),Εβραίοι,Καταυλισμός εκτοπισμένων ατόμων |
| SUB | |a REL | ||
| SYG | 0 | 0 | |a Jews,Jüdinnen,Jude,Jüdin,Jude , Displaced Person,Displaced Persons Camp , United States,United States of America,Vereinigte Staaten,Vereinigte Staaten von Amerika , United States of America,Vereinigte Staaten von Amerika,Amerika <USA>,United States of America,Vereinigte Staaten von Amerika,Amerika <USA>,USA,USA,Nord,Nördliche Vereinigte Staaten,Nordwestamerika,USA,Nordwest,Pazifischer Nordwesten,Mittlerer Westen,USA,Middle West,Mittelwesten,Midwest,USA,Nordost,Nordöstliche Vereinigte Staaten,USA,Südost,Südöstliche Vereinigte Staaten,USA,Ost,Östliche Vereinigte Staaten,Südwestliche USA,USA,Südweststaaten,Südwestliche Vereinigte Staaten,USA,Südwest,USA,West,Westliche Vereinigte Staaten,Nordamerikanische Südstaaten,Konföderierte Staaten von Amerika,Confederate States of America,Südliche Vereinigte Staaten,Südatlantische Staaten,Südöstliche Staaten,United States of America,Vereinigte Staaten von Amerika,Nordamerika,Amerika,United States,United States of America,Etats Unis,Etats-Unis,Vereinigte Staaten,Estados Unidos de America,EEUU,Vereinigte Staaten von Nordamerika,Soedinennye Štaty Ameriki,SŠA,Stany Zjednoczone Ameryki Północnej,Hēnōmenai Politeiai tēs Boreiu Amerikēs,Hēnōmenes Politeies tēs Amerikēs,HēPA,Ēnōmenes Politeies tēs Amerikēs,ĒPA,Meiguo,Etats-Unis d'Amérique,US |
| TIM | |a 100019440101_100019481231 |b Geschichte 1944-1948 | ||



